BIBLIOTECA

SENCICO

Propuestas para una nueva educación : (Registro nro. 316)

Detalles MARC
000 -LEADER
fixed length control field 01539nam a2200301Ia 4500
003 - CONTROL NUMBER IDENTIFIER
control field PE SENCICO BE
005 - DATE AND TIME OF LATEST TRANSACTION
control field 20251020182433.0
008 - FIXED-LENGTH DATA ELEMENTS--GENERAL INFORMATION
fixed length control field 200515s9999 xx 000 0 und d
040 ## - CATALOGING SOURCE
Original cataloging agency PE SENCICO BE
Transcribing agency PE SENCICO BE
041 ## - LANGUAGE CODE
Language code of text/sound track or separate title spa
082 ## - DEWEY DECIMAL CLASSIFICATION NUMBER
Classification number 378.1
Item number P4
110 1# - MAIN ENTRY--CORPORATE NAME
9 (RLIN) 2677
Corporate name or jurisdiction name as entry element Perú.
Subordinate unit Ministerio de Educación
245 10 - TITLE STATEMENT
Title Propuestas para una nueva educación :
Remainder of title II Encuentro Nacional Universidades - Ministerio de Educación /
Statement of responsibility, etc. Ministerio de Educación
250 ## - EDITION STATEMENT
Edition statement 1a ed.
260 ## - PUBLICATION, DISTRIBUTION, ETC.
Place of publication, distribution, etc. Lima :
Name of publisher, distributor, etc. Ministerio de Educación ;
Date of publication, distribution, etc. 2001
300 ## - PHYSICAL DESCRIPTION
Extent 207 p. :
Other physical details il., tbl., graf. ;
Dimensions 21 cm.
505 0# - FORMATTED CONTENTS NOTE
Formatted contents note Conferencias magistrales -- Ponencias universitarias -- Consulta nacional de educación: síntesis de respuestas -- Universidades públicas y privadas a nivel nacional
520 3# - SUMMARY, ETC.
Summary, etc. Recoge los temas que se han expuesto y debatido en el Segundo Encuentro Nacional de Universidades con el Ministerio de Educación, en el marco de la Consulta Nacional de Educación. El evento fue organizado por la Oficina de Coordinación Universitaria, órgano dependiente del Viceministerio de Gestión Pedagógica
650 10 - SUBJECT ADDED ENTRY--TOPICAL TERM
Topical term or geographic name entry element Educación superior
9 (RLIN) 2690
650 20 - SUBJECT ADDED ENTRY--TOPICAL TERM
Topical term or geographic name entry element Universidades y escuelas superiores
9 (RLIN) 1492
650 20 - SUBJECT ADDED ENTRY--TOPICAL TERM
Topical term or geographic name entry element Planificación universitaria
9 (RLIN) 2691
650 20 - SUBJECT ADDED ENTRY--TOPICAL TERM
Topical term or geographic name entry element Calidad de la educación
9 (RLIN) 2692
650 20 - SUBJECT ADDED ENTRY--TOPICAL TERM
Topical term or geographic name entry element Educación universitaria
9 (RLIN) 2376
650 20 - SUBJECT ADDED ENTRY--TOPICAL TERM
Topical term or geographic name entry element Gestión educacional
9 (RLIN) 2436
650 20 - SUBJECT ADDED ENTRY--TOPICAL TERM
Topical term or geographic name entry element Congresos
9 (RLIN) 2260
711 1# - ADDED ENTRY--MEETING NAME
9 (RLIN) 2693
Meeting name or jurisdiction name as entry element II Encuentro Nacional Universidades - Ministerio de Educación
942 ## - ADDED ENTRY ELEMENTS (KOHA)
Koha item type Libros
Source of classification or shelving scheme Dewey Decimal Classification
Existencias
Fecha de la última vez que lo usaron Número de ingreso o de inventario Pago total Signatura topográfica completa Código de barras Precio efectivo desde Tipo de documento Estado perdido Sistema de clasificación Estado dañado No es para préstamo Retirado Ubicación permanente Ubicación actual Fecha de adquisición
15/05/2020 11911   378.1/P4 BibLima24110026 15/05/2020 Libros   Dewey Decimal Classification       Biblioteca Central Lima Biblioteca Central Lima 15/05/2020